Kontinentálny šelf USA v kontexte nároku na predĺženie za hranicu 200 NM

Koncom roka 2023 USA vydali vyhlásenie o vonkajších hraniciach kontinentálneho šelfu za hranicou 200 NM. V kontexte ekonomického potenciálu morského dna a jeho podložia by na tom nebolo nič nezvyčajné, ale keďže nie sú zmluvnou stranou Dohovoru o morskom práve (1982), spája sa s týmto vyhlásením okr...

Descripción completa

Guardado en:
Detalles Bibliográficos
Autor principal: Harakaľová, Dorota, 1989-
Formato: Capítulo de libro
Lenguaje:eslovaco
Materias:
Etiquetas: Agregar Etiqueta
Sin Etiquetas, Sea el primero en etiquetar este registro!

MARC

LEADER 00000naa$a2200000$$$4500
001 0308873
005 20250606082705.2
041 0 |a slo 
044 |a SK 
245 1 0 |a Kontinentálny šelf USA v kontexte nároku na predĺženie za hranicu 200 NM  |c Dorota Harakaľová 
520 |a Koncom roka 2023 USA vydali vyhlásenie o vonkajších hraniciach kontinentálneho šelfu za hranicou 200 NM. V kontexte ekonomického potenciálu morského dna a jeho podložia by na tom nebolo nič nezvyčajné, ale keďže nie sú zmluvnou stranou Dohovoru o morskom práve (1982), spája sa s týmto vyhlásením okrem iného aj otázka, do akej miery môže alebo nemôže štát, ktorý nie je zmluvnou stranou Dohovoru formálne vznášať nároky na predlženie kontinentálneho šelfu za hranicu 200 NM. Článok analyzuje vyhlásenie urobené USA a otázky s ním spojené. 
610 2 0 |a právo 
610 2 0 |a vzťahy medzinárodné 
610 2 0 |a zmluvy medzinárodné 
610 2 0 |a USA 
100 1 |a Harakaľová, Dorota, 1989-